| 000 | nam a22 a 4500 | ||
|---|---|---|---|
| 999 |
_c318 _d318 |
||
| 005 | 20170503111132.0 | ||
| 008 | 170503b1984 -us||||| |||| 00| 0 eng d | ||
| 020 | _a0256029911 | ||
| 040 | _aAKMAL | ||
| 082 | _a001.6 STA | ||
| 090 |
_a001.6 _bSTA |
||
| 100 | 1 |
_aStair, Ralph M. _9723 |
|
| 245 | 1 | 0 |
_aPrinciples of data processing : _bconcepts, applications, and cases / _cRalph M. Stair, Jr. |
| 250 | _a1984 rev. ed. | ||
| 260 |
_aHomewood, Ill. : _bR.D. Irwin, _c1984 |
||
| 300 |
_axxii, 606 p., [20] p. of plates : _bill. (some col.) ; _c24cm |
||
| 504 | _aIncludes bibliographical references and index. | ||
| 650 | 0 |
_aElectronic data processing _9724 |
|
| 942 |
_2ddc _cBOOK |
||